Soluciones pedagógicas para el autismo : (Registro nro. 11213)

Detalles MARC
000 -LIDER
fixed length control field 00949nam a2200313 b 4500
001 - NÚMERO DE CONTROL
Identificador de número de control 0000621
003 - IDENTIFICACDOR DE NÚMERO DE CONTROL
control field DO-SdBNP
005 - DATE AND TIME OF LATEST TRANSACTION
control field 20171120125036.0
007 - CAMPOS FIJOS DE DESCRIPCIÓN FÍSICA
fixed length control field 0000621
008 - ELEMENTOS DE LONGITUD FIJA
fixed length control field 050617 2008 ag ac spa
017 ## - NÚMERO DE REGISTRO DE DERECHOS DE AUTOR
Copyright or legal deposit number
Assigning agency
020 ## - ISBN
International Standard Book Number 9789876080507
035 ## - NÚMERO LOCAL
System control number
040 ## - FUENTE DE CATALOGACIÓN
Agencia que crea de manera original el registro BPMSU
Idioma de catalogación spa
Agencia que realiza la transcripción BPMSU
Convenciones de la despripción
082 #4 - NÚMERO DE CLASIFICACIÓN DECIMAL DE DEWEY
Classification number 371. 94
Item number A668s
100 1# - ASIENTO PRINCIPAL -- NOMBRE PERSONAL
Nombre personal Arce Guerschberg, Mariela
245 10 - MENCIÓN DE TITULO
Título Soluciones pedagógicas para el autismo :
Subtítulo qué hacer con los TGD /
Medio (Designación general de material)
Mención de responsabilidad Mariela Arce Guerschberg
246 10 - VARIACION DEL TÍTULO
Título propiamente dicho o título corto Autismo : soluciones pedagógicas
260 0# - PUBLICACIÓN, DISTRIBUCIÓN, ETC. (PIE DE IMPRENTA)
Lugar de publicación, distribución, etc Buenos Aires :
Nombre del editor, distribuidor, etc. Landeira,
Fecha de publicación, distribución, etc 2008.
300 ## - DESCRIPCIÓN FÍSICA
Extensión [352] p. :
Otros detalles físicos il., retr.
Dimensiones 27 cm
Material complementario + CD-ROOM
504 ## - NOTA DE BIBLIOGRAFÍA, ETC.
Bibliography, etc Bibliografía p: 350-352
650 ## - ENCABEZAMIENTO DE MATERIA--TEMÁTICO
Término temático o nombre geográfico como elemento de entrada AUTISMO
650 #4 - ENCABEZAMIENTO DE MATERIA--TEMÁTICO
Término temático o nombre geográfico como elemento de entrada AUTISMO EN NIÑOS
650 #4 - ENCABEZAMIENTO DE MATERIA--TEMÁTICO
Término temático o nombre geográfico como elemento de entrada TRASTORNOS DEL DESARROLLO INFANTIL
910 ## - VALIDACIÓN
Validación Validado. Control de calidad MFF
942 ## - ADDED ENTRY ELEMENTS (KOHA)
Source of classification or shelving scheme Dewey Decimal Classification
Koha item type Libros
945 ## - INFORMACIÓN DE PROCESAMIENTO LOCAL
Información de procesamiento local Invetariado / 2017 VM
956 ## - LOCAL ELECTRONIC LOCATION AND ACCESS (OCLC)
Nombre de host YLOCKWARD
Número de acceso 10
Trayectoria BPMSU
Nombre Electrónico 00144
Existencias
Withdrawn status Lost status Source of classification or shelving scheme Damaged status Not for loan Collection code Home library Current library Date acquired Source of acquisition Coded location qualifier Total Checkouts Full call number Barcode Date last seen Price effective from Koha item type Copy number
    Dewey Decimal Classification     Colección General Biblioteca Pública Metropolitana Salomé Ureña Biblioteca Pública Metropolitana Salomé Ureña 08/30/2016 Sin sellar   371. 94 A668s BPMSU16080260 08/30/2016 08/30/2016 Libros  
    Dewey Decimal Classification     Colección General Biblioteca Pública Metropolitana Salomé Ureña Biblioteca Pública Metropolitana Salomé Ureña 08/30/2016     371. 94 A668s BPMSU16080261 08/30/2016 08/30/2016 Libros e. 2